000 01948cam a2200337 a 4500
001 16555605
005 20170105102849.0
008 101129s2011 nyua b 001 0 eng
010 _a 2010047777
020 _a9781595230720
020 _a1595230726
035 _a(OCoLC)ocn635459500
040 _aDLC
_cDLC
_dYDX
_dBTCTA
_dYDXCP
_dLIV
_dQDK
_dIK2
_dBWX
_dVP@
_dLMR
_dCDX
_dDLC
050 0 0 _aHV6430.M64
_bM56 2011
082 0 0 _a363.325092
_aB
_222
100 1 _aMiniter, Richard.
245 1 0 _aMastermind :
_bthe many faces of the 9/11 architect, Khalid Shailk Mohammed /
_cRichard Miniter.
260 _aNew York :
_bSentinel,
_c2011.
300 _a278 p. :
_bill. ;
_c24 cm.
504 _aIncludes bibliographical references and index.
505 0 _aBook I : origins -- The outsider -- Campus radical -- Searching for war -- Book II : a terrorist career -- Tradebom -- The plot to kill the Pope, the presidents and 5,000 Americans -- Losing Ramzi -- Meeting Bin Laden -- Book III : the planes operation -- September 11, 2001 -- Book IV : hunting KSM -- The Daniel Pearl murder -- Explosions in paradise -- Recognize us yet? -- Book V : interrogating KSM -- Breaking KSM -- Denouement.
520 _aDraws on dozens of interviews with officials, military figures, and spies throughout the world to profile the al Qaeda terrorist behind the September 11 attacks, revealing previously undisclosed facts and details about other plots.
600 1 0 _aMohammed, Khalid Shaikh,
_d1965-
650 0 _aTerrorists.
650 0 _aSeptember 11 Terrorist Attacks, 2001.
856 4 2 _3Contributor biographical information
_uhttp://www.loc.gov/catdir/enhancements/fy1114/2010047777-b.html
856 4 2 _3Publisher description
_uhttp://www.loc.gov/catdir/enhancements/fy1114/2010047777-d.html
906 _a7
_bcbc
_corignew
_d1
_eecip
_f20
_gy-gencatlg
942 _2ddc
_cBK
999 _c14209
_d14209